000 01532cam a2200409 i 4500
001 data
005 20260322212105.0
008 data
035 _a20472258
906 _a7
_bcbc
_ccopycat
_d2
_encip
_f20
_gy-gencatlg
925 0 _aacquire
_b1 shelf copy
_xpolicy default
010 _a 2017478416
020 _a9462367582
020 _a9789462367586
020 _z9789462747135 (E-book)
035 _a(OCoLC)1015853392
040 _aYDX
_beng
_cYDX
_erda
_dDLC
_dOCLCF
_dOHX
_dEMI
_dOCLCO
_dDLC
042 _alccopycat
050 0 0 _aK3165
_b.N484 2018
082 0 4 _a342
_223
245 0 0 _aNew developments in constitutional law :
_bessays in honour of András Sajó /
_cedited by Iulia Motoc, Paulo Pinto de Albuquerque and Krzysztof Wojtyczek.
264 1 _aThe Hague, The Netherlands :
_bEleven International Publishing,
_c[2018]
300 _axiii, 548 pages ;
_c25 cm
336 _atext
_btxt
_2rdacontent
337 _aunmediated
_bn
_2rdamedia
338 _avolume
_bnc
_2rdacarrier
504 _aIncludes bibliographical references and index.
650 0 _aConstitutional law.
650 0 _aConstitutional law
_xEuropean influences.
650 7 _aConstitutional law.
_2fast
_0(OCoLC)fst00875797
650 7 _aConstitutional law
_xEuropean influences.
_2fast
_0(OCoLC)fst00875810
700 1 _aSajó, András,
_ehonouree.
700 1 _aMotoc, Iulia,
_eeditor.
700 1 _aAlbuquerque, Paulo Pinto de,
_eeditor.
700 1 _aWojtyczek, Krzysztof,
_eeditor.
999 _c1548
_d1548